00864cam a2200229 450000100060000000300080000600500170001400800410003103500190007204000370009104100080012808200200013610000260015624501130018226000300029530000450032535000120037050001080038250400300049060000370052071000770055724013BD-RjUL20211209001011.0140312s1970 ii ac b 000 0beng d a(BD-RjUL)24078 aDLCcDLCdDLCdWaUdBD-RjULbeng aeng00a923.2bZUF 19701 aZutshi, G. L.,d1927-10aFrontier Gandhi :bthe fighter, the politician, the saint /cby G. L. Zutshi. General editor: L. M. Singhvi. aDelhi :bNational,c1970. axiii, 167 p. :billus., ports. ;c23 cm. aRs17.50 a"Published under the auspices of the Institute of Constitutional and Parliamentary Studies, New Delhi." aBibliography: p. 166-167.10aKhan, Abdul Ghaffar,d1890-1988.2 aInstitute of Constitutional and Parliamentary Studies (New Delhi, India)